000
00285nam a2200109Ia 4500
005
20251222144809.0
008
251222s9999||||xx |||||||||||||| ||spa||
082
_a
005.8/I59/26
245
0
_a
Prevención, Detección y Eliminación de Virus Informáticos
264
_b
INEI
942
_c
LIB
999
_c
20022
_d
20022